00913 2200313 4500001002100000005001500021035002000036007000300056040001700059100003500076245010900111250001000220300003800230020002200268041000800290082000800298084001900306090001900325264003100344336002100375337003000396338002300426650001400449700004400463850001000507008004100517990002100558990002000579INLIS00000000000891520260513021416 a0010-1022000290ta aSBPUPADbind0 aAfifah Nur ChayatieePengarang1 aSeratus Dua Belas Game :bUntuk Training & Outbond /cAfifah Nur Chayatie ; editor, Rose Kusumaningratri acet.3 a368 hlm. :bilus. ;c13,5 x 20 cm a978-979-25-4783-2 aind a970 a970 CHA s 25-2 a970 CHA s 25-2 aJakarta :bKatahati,c2016 2rdacontentateks 2rdamediaatanpa perantara 2rdacarrieravolume 4aPermainan aeditor, Rose KusumaningratriePengarang aPUPAD260513 0  a24227/H/DPK/2017 a24.226/H/DPK/17